Orchids of Borneo; vol. 2 : bulbophyllum
| Main Author: | |
|---|---|
| Format: | Book |
| Published: |
Kew, Surrey :
Bentham-Moxon Trust, Royal Botanic Gardens ,
1991
|
| Subjects: |
MARC
| LEADER | 00000cam a2200000 7i4500 | ||
|---|---|---|---|
| 001 | 0000003544 | ||
| 005 | 20060413.0 | ||
| 020 | 0 | 0 | |a 0-950487694 |
| 090 | 0 | 0 | |a 584.4095983 |b VER |
| 100 | 1 | 0 | |a VERMEULEN |h J. J. |
| 245 | 1 | 0 | |a Orchids of Borneo; vol. 2 : |b bulbophyllum |c J. J. Vermeulen |
| 260 | 0 | 0 | |a Kew, Surrey : |b Bentham-Moxon Trust, Royal Botanic Gardens , |c 1991 |
| 300 | |a x, 340 p., 19 plates : |b col. ill. ; |c 27 cm. | ||
| 500 | 0 | 0 | |a Includes index |
| 650 | 0 | 0 | |a Orchids |z Borneo |
| 998 | |a JPSM | ||
| 999 | |a 0000006901 |b Monograph |c Open Shelf |e Default branch | ||